Women's role in rejuvenating the culture of Bharat / (Record no. 41815)

MARC details
000 -LEADER
fixed length control field 00804nam a22002057a 4500
005 - DATE AND TIME OF LATEST TRANSACTION
control field 2010081409489.0
010 ## - LCCN (DPL NO)
LC control number ENG-100225
020 ## - INTERNATIONAL STANDARD BOOK NUMBER
International Standard Book Number 9788172086718
Terms of availability 35.00
035 ## - SYSTEM CONTROL NUMBER
System control number EN-83757
037 ## - SOURCE OF ACQUISITION
Source of stock number/acquisition DBAD/PUB
082 ## - DEWEY DECIMAL CLASSIFICATION NUMBER
Classification number 220.35
245 ## - TITLE STATEMENT
Title Women's role in rejuvenating the culture of Bharat /
Statement of responsibility, etc compiled by J.Hemalatha ; translated by P.P.S. Sharma
260 ## - PUBLICATION, DISTRIBUTION, ETC. (IMPRINT)
Place of publication, distribution, etc Andhra Pradesh
Name of publisher, distributor, etc Sri Sathya Sai Sadhana Trust
Date of publication, distribution, etc 2009
270 ## - ADDRESS
Address Prasanthi Nilayam, Anantapur District
City Anantapur District
Postal code 515134
300 ## - PHYSICAL DESCRIPTION
Extent 296p.
Dimensions 21cm (pbk)
700 ## - ADDED ENTRY--PERSONAL NAME
Personal name Hemalatha, J.
9 (RLIN) 13121
710 ## - ADDED ENTRY--CORPORATE NAME
Corporate name or jurisdiction name as entry element Sharma, P.P.S.
9 (RLIN) 13122
942 ## - ADDED ENTRY ELEMENTS (KOHA)
Source of classification or shelving scheme Dewey Decimal Classification
Item type English Books
Classification part 220.35
Call number suffix WOM
Holdings
Withdrawn status Lost status Not for loan Collection code Home library Current library Date acquired Source of acquisition Cost, normal purchase price Full call number Barcode Copy number Cost, replacement price Koha item type
    Not For Loan Non-fiction D.B.Act.Division D.B.Act.Division 14/08/2010 DBAD/PUB 35.00 220.35 WOM EN-83757 1 35.00 English Books

© Delhi Public Library
Hit Counter
free hit counter